| 000 | 00634nam a2200181Ia 4500 | ||
|---|---|---|---|
| 008 | 100920s9999 xx 000 0 und d | ||
| 082 |
_b87128 _a520 थ 23 |
||
| 100 | _aकडेगांवकर वासुदेवशास्त्री. | ||
| 245 | _aआर्यंाग्ल शारीरविज्ञान. | ||
| 260 |
_b--- _c1923 |
||
| 300 |
_a356 _bसाधी |
||
| 365 | _b5 | ||
| 520 | _aशाअ. | ||
| 630 | _aआर्यंाग्ल शारीरविज्ञान. | ||
| 650 | _aशाअ. | ||
| 730 | _aआर्यंाग्ल शारीरविज्ञान. | ||
| 942 | _cBOOK | ||
| 999 |
_c727638 _d727635 |
||